Vista normal
Vista MARC
Entrada Personal Name
Número de registros utilizados en: 5
001 - CONTROL NUMBER
- control field: 1697
003 - CONTROL NUMBER IDENTIFIER
- control field: OSt
005 - DATE AND TIME OF LATEST TRANSACTION
- control field: 20200319223459.0
008 - FIXED-LENGTH DATA ELEMENTS
- fixed length control field: 200319|| aca||aabn | a|a d
040 ## - CATALOGING SOURCE
- Original cataloging agency: OSt
- Transcribing agency: OSt
100 ## - HEADING--PERSONAL NAME
- Personal name: Rozo Acuña, Eduardo,
670 ## - SOURCE DATA FOUND
- Source citation: Work cat.: (OSt)5090: Rozo Acuña, Eduardo, autor, Introducción a la ciencia política / , 1998